Normal view
MARC view
- Fahmidha
Entry Personal Name
001 - CONTROL NUMBER
- control field: 6205
003 - CONTROL NUMBER IDENTIFIER
- control field: OSt
005 - DATE AND TIME OF LATEST TRANSACTION
- control field: 20240626121435.0
008 - FIXED-LENGTH DATA ELEMENTS
- fixed length control field: 240626|| aca||aabn | a|a d
040 ## - CATALOGING SOURCE
- Original cataloging agency: OSt
- Transcribing agency: OSt
100 ## - HEADING--PERSONAL NAME
- Personal name: Fahmidha
670 ## - SOURCE DATA FOUND
- Source citation: Work cat.: (OSt)18089: Aparna N 6204, Development and evaluation of potato waste based biodegradable film for food packaging /, 2024.
